Petróleo y desarrollo: la experiencia de los otros /
Guardado en:
| Hovedforfatter: | |
|---|---|
| Format: | Texto |
| Fag: | |
| Tags: |
Tilføj Tag
Ingen Tags, Vær først til at tagge denne postø!
|
MARC
| LEADER | 00000 a a2200000 04500 | ||
|---|---|---|---|
| 001 | 44277 | ||
| 003 | |||
| 040 | |||
| 100 | |a Kapplan, Marcos | ||
| 245 | |a Petróleo y desarrollo: |b la experiencia de los otros / |c Marcos Kapplan | ||
| 650 | |a PETROLEO | ||
| 650 | |a PAISES EXPORTADORES DE PETROLEO | ||
| 650 | |a ESTADO | ||
| 773 | |g volumen42, número1 ( , 1980), Páginas 177-203 | ||
| 999 | |c 37125 |d 37125 | ||
